The divided land, an Anglo-Greek tragedy.

Bibliographic Details
Main Author: Chandler, Geoffrey, 1922-
Format: Book
Language:English
Published: London : New York : Macmillan; St. Martins Press, 1959.
Subjects:

MARC

Tag First Indicator Second Indicator Subfields
LEADER 00000cam a2200000I 4500
001 in00002050430
005 20151101182145.0
008 720914s1959 enk 000 0 eng c
010 |a  59016063  
015 |a GB59-1780 
029 1 |a UKM  |b b5901780 
035 |a (OCoLC)ocm00406256 
040 |a WSU  |c WSU  |d UKM  |d OCLCQ  |d TXA  |d UtOrBLW 
043 |a e-gr---  |a e-uk--- 
049 |a TXAM 
082 0 4 |a 949.507  |2 18 
090 |a DF850  |b .C45 
100 1 |a Chandler, Geoffrey,  |d 1922- 
245 1 4 |a The divided land, an Anglo-Greek tragedy. 
264 1 |a London :  |b Macmillan;  |a New York :  |b St. Martins Press,  |c 1959. 
300 |a 214 pages 
336 |a text  |b txt  |2 rdacontent 
337 |a unmediated  |b n  |2 rdamedia 
338 |a volume  |b nc  |2 rdacarrier 
651 0 |a Greece  |x History  |y Civil War, 1944-1949. 
651 0 |a Great Britain  |x Foreign relations  |z Greece. 
651 0 |a Greece  |x Foreign relations  |z Great Britain. 
948 |a cataloged  |b h  |c 2005/6/9  |d c  |e eneff  |f 2:19:23 pm 
994 |a C0  |b TXA 
999 |a MARS 
999 f f |s 9d3c8d46-45dd-3a4c-b2db-db732edbcf6e  |i f14141b2-405b-3db5-95ee-6e397cb69832  |t 0 
952 f f |p ric  |a Texas A&M University  |b Rellis Campus  |c Joint Library Facility  |d Remote Storage  |t 0  |e DF850 .C45  |h Library of Congress classification  |i unmediated -- volume  |m A14831702331 
998 f f |a DF850 .C45  |t 0  |l Remote Storage